000 00642nam a22002055i 4500
001 164128
003 ES-MaACL
005 20230906212857.0
008 050726s1869 gw | |||||||| ||eng d
040 _aCAM
_bspa
_cCAM
100 1 _aRuffini, John.
_9132166
245 1 4 _aThe paragreens on a visit to Paris /
_cby John Ruffini.
260 _aLeipzig :
_bBernhard Tauchnitz,
_c1869.
300 _a261 p. ;
_c16 cm.
490 1 _aCollection of british authors ;
_v1010
752 _aAlemania -
_dLeipzig
830 0 _aCollection of british authors ;
_v1010
_9180703
852 _aES-MaACL
_jG-12009
_z-- Enc. hol.
999 _c164128
_d164128